000 00514nam a22002057a 4500
003 OSt
005 20260421143118.0
008 260421b |||||||| |||| 00| 0 eng d
020 _a9789360872441
082 _a610.28 GUT
100 _aGULIA, Ritu
245 _aText Book of Pharmaceutical Engineering
260 _aBilaspur
_bShashwat
_c2025
300 _ax,268
650 _aPharmaceutical Engineering
700 _aChauhan, Naha
700 _aSandhu & Sharma
700 _aMukesh Rani
942 _2ddc
_cBK
999 _c13911
_d13911